| 000 | 01562cam a2200373 a 4500 | ||
|---|---|---|---|
| 001 | 1571758 | ||
| 003 | OSt | ||
| 005 | 20240416095330.0 | ||
| 008 | 101118s2011 enka b 001 0 eng | ||
| 010 | _a 2010046059 | ||
| 015 |
_aGBB0C7496 _2bnb |
||
| 016 | 7 |
_a015678350 _2Uk |
|
| 020 | _a0131975315 | ||
| 040 |
_aDLC _cDDC _dBWX |
||
| 041 | 0 | _aeng | |
| 042 | _anlmcopyc | ||
| 050 | 0 | 0 |
_aQP306 _b.T632 2011 |
| 060 | 0 | 0 | _aWL 103 |
| 082 | 0 | 0 | _a573.8 TOA 2007 |
| 100 | 1 |
_aToates, Frederick M. _914139 |
|
| 245 | 1 | 0 | _aBiological Psychology |
| 250 | _a2nd ed. | ||
| 260 |
_aHarlow; _bPrentice Hall, _c2007 |
||
| 300 |
_axxvii, 659 p. : _bill. (chiefly col.) ; _c28 cm. |
||
| 336 |
_atext _btxt _2rdacontent |
||
| 337 |
_aunmediated _bn _2rdamedia |
||
| 338 |
_avolume _bnc _2rdacarrier |
||
| 504 | _aIncludes bibliographical references and index. | ||
| 505 | 0 | _aIntroduction -- Genes, environment, and evolution -- The nervous and endocrine systems -- How the cells of the nervous system work -- The brain : basics of structure and role -- Development and plasticity -- Sensory systems : general principles -- Vision -- The other sensory systems -- The control of movement -- Learning and memory -- Emotion -- Stress and coping -- Pain -- Motivation -- Feeding and drinking -- Sexual behaviour -- Drugs and addiction -- Sleep and waking -- Cognition and action -- Brains, minds, and consciousness -- When things go wrong. | |
| 650 | 1 | 2 |
_aBiology _914140 |
| 650 | 1 | 2 |
_aPsychology _93210 |
| 942 |
_2ddc _cO_SHELF |
||
| 999 |
_c6893 _d6893 |
||